000 00657nam a22002177a 4500
003 UA-OsUOA
001 36072
007 ta
008 20060705b un ||||| |||| 00| 0 ukr d
090 _a016
_bН34
942 _cBK
040 _aUA-OsUOA
_bukr
_cUA-OsUOA
_dUA-OsUOA
245 _aНауково-дослідний центр періодики (1993 - 2003 рр.)
_b1
_cНаукова діяльність: покажчик видань
300 _a330 с.
955 _a1
041 _aukr
080 _a016
260 _aЛьвів
_c2003
650 7 _a01 Бібліографія і бібліографії. Каталоги
_2UDC
999 _c424635
_d424635